[Event "40th Olympiad Open"]
[Site "Istanbul TUR"]
[Date "2012.08.29"]
[Round "2.55"]
[Board "4"]
[White "Joshi, Deergha Raj"]
[Black "Li, Zuhao Luke"]
[Result "1/2-1/2"]
[WhiteElo "1897"]
[BlackElo "2227"]
[WhiteTeam "Nepal"]
[BlackTeam "New Zealand"]
[WhiteFideId "12300527"]
[BlackFideId "4303431"]
[EventDate "2012.08.28"]

1. e4 e6 2. d4 d5 3. Nc3 Nc6 4. Nf3 Nf6 5. exd5 exd5 6. Bd3 Nb4 7. O-O Nxd3 8.
Qxd3 Be7 9. h3 O-O 10. Bf4 c6 11. a3 h6 12. Rfe1 Be6 13. b4 b5 14. Ne5 Qc8 15.
Qe2 Re8 16. Qf3 a5 17. Nd3 Bf5 18. Rab1 axb4 19. axb4 Ra3 20. Rb3 Rxb3 21. cxb3
Bxd3 22. Qxd3 Bxb4 23. Rxe8+ Qxe8 24. Be3 Ne4 25. Nxe4 Qxe4 26. Qd1 Bc3 27. Kh2
b4 28. g3 g5 29. Kg1 Kg7 30. g4 f5 31. gxf5 Qxf5 32. Kh2 Qe4 33. Kg1 Kg6 34. Kh2
h5 35. Qg1 g4 36. Qg3 Bxd4 37. Qd6+ Bf6 38. Qxc6 gxh3 39. Kxh3 h4 40. Kh2 Qf5
41. Kg2 h3+ 42. Kg3 Kh5 43. Qe8+ Qg6+ 44. Qxg6+ Kxg6 45. Kxh3 Bc3 46. Kg2 d4 47.
Bf4 Kf5 48. Kf3 d3 49. Be3 Ke5 50. Bf4+ Kd4 51. Be3+ Kd5 52. Bf4 Bd4 53. Bd2 Bc5
54. Be3 Be7 55. Ba7 Bg5 56. Bb6 Bd2 57. Ba7 Bc1 58. Be3 Bb2 59. Bd2 Kd4 60. Bxb4
Bc1 61. Ba5 Bg5 62. Bb4 Bc1 63. Ba5 Bg5 64. Bb4 Bf4 1/2-1/2

[Event "40th Olympiad Open"]
[Site "Istanbul TUR"]
[Date "2012.08.29"]
[Round "2.56"]
[Board "3"]
[White "Jones, Rupert"]
[Black "Zaibi, Amir"]
[Result "0-1"]
[WhiteTitle "FM"]
[BlackTitle "CM"]
[WhiteElo "1941"]
[BlackElo "2214"]
[WhiteTeam "Papua New Guinea"]
[BlackTeam "Tunisia"]
[WhiteFideId "9100121"]
[BlackFideId "5500796"]
[EventDate "2012.08.28"]

1. e4 c5 2. Nc3 Nc6 3. g3 g6 4. Bg2 Bg7 5. Nge2 d6 6. d3 Nf6 7. O-O O-O 8. f4
Rb8 9. h3 Nd7 10. a4 a6 11. Be3 Nd4 12. Rb1 b5 13. axb5 axb5 14. b4 Nxe2+ 15.
Nxe2 Qc7 16. d4 cxd4 17. Nxd4 e5 18. Ne2 Nb6 19. Kh2 Nc4 20. Bg1 Ra8 21. f5 Ra3
22. Rb3 Bh6 23. Rxa3 Nxa3 24. c3 Nc4 25. Qd5 Bd7 26. Qd3 Bc6 27. Ra1 Ra8 28.
Rxa8+ Bxa8 29. g4 Qd8 30. Qg3 Qg5 31. h4 Qd2 32. g5 Qxe2 33. gxh6 Bxe4 34. fxg6
hxg6 35. Bf2 Bxg2 36. Kxg2 Qe4+ 37. Kh3 Kh7 38. Qg5 Qf3+ 39. Bg3 Ne3 0-1

[Event "40th Olympiad Open"]
[Site "Istanbul TUR"]
[Date "2012.08.29"]
[Round "2.57"]
[Board "1"]
[White "Eid, Fadi"]
[Black "Punongbayan, Hexilon Dela Cruz"]
[Result "1-0"]
[WhiteTitle "IM"]
[WhiteElo "2377"]
[BlackElo "2091"]
[WhiteTeam "Lebanon"]
[BlackTeam "Macau"]
[WhiteFideId "5300118"]
[BlackFideId "15400409"]
[EventDate "2012.08.28"]

1. e4 c5 2. Nf3 Nc6 3. d4 cxd4 4. Nxd4 g6 5. Nc3 Bg7 6. Be3 d6 7. Qd2 Nf6 8. f3
O-O 9. Bc4 a6 10. O-O-O Na5 11. Bb3 Nxb3+ 12. cxb3 Bd7 13. Kb1 Re8 14. g4 Qa5
15. a3 b5 16. b4 Qc7 17. g5 Nh5 18. Nd5 Qb7 19. Ne2 a5 20. bxa5 Be6 21. Bb6 Rec8
22. Ng3 Nxg3 23. hxg3 Rc4 24. Rc1 Rac8 25. Nb4 Be5 26. Bf2 Qc7 27. a6 Qa5 28. a7
Qa4 29. Rxc4 bxc4 30. Qd1 Qb5 31. f4 Bg7 32. Bd4 Qb7 33. Re1 Bg4 34. Qd2 c3 35.
bxc3 e5 36. fxe5 dxe5 37. Bf2 Be6 38. Kb2 Bf8 39. Qc2 Bc5 40. Bxc5 Rxc5 41. Qa4
Rc8 42. Qa6 Qa8 43. Rd1 Qxe4 44. Qxc8+ Bxc8 45. Rd8+ Kg7 46. Rxc8 Qe2+ 47. Nc2
Qb5+ 48. Ka1 Qf1+ 49. Ka2 Qf2 50. Rg8+ Kxg8 51. a8=Q+ Kg7 52. Qe4 Qxg3 53. Qe3
Qh2 54. Kb3 f5 55. Qa7+ Kg8 56. Qb8+ Kf7 57. Qc7+ Ke6 58. Qc6+ Ke7 59. Nb4 e4
60. a4 Qb8 61. a5 Kf7 62. a6 Qd8 63. a7 Qd1+ 64. Kb2 1-0

[Event "40th Olympiad Open"]
[Site "Istanbul TUR"]
[Date "2012.08.29"]
[Round "2.57"]
[Board "2"]
[White "Li, Hui"]
[Black "Khairallah, Faisal"]
[Result "1/2-1/2"]
[BlackTitle "FM"]
[WhiteElo "1958"]
[BlackElo "2308"]
[WhiteTeam "Macau"]
[BlackTeam "Lebanon"]
[WhiteFideId "15400310"]
[BlackFideId "4628250"]
[EventDate "2012.08.28"]

1. e4 c5 2. Nf3 Nc6 3. d4 cxd4 4. Nxd4 Qb6 5. Nb3 Nf6 6. Nc3 e6 7. Be3 Qc7 8. f3
Bb4 9. Qd2 d5 10. a3 Bxc3 11. Qxc3 dxe4 12. fxe4 O-O 13. Bd3 Ng4 14. Bg1 b6 15.
O-O-O Bb7 16. h3 Nge5 17. Bh2 Qe7 18. Kb1 f6 19. Be2 Rfd8 20. Qe3 Rxd1+ 21. Rxd1
Rd8 22. Rxd8+ Qxd8 23. Bg1 Qd7 24. g4 g5 25. Qf2 Kg7 26. h4 h6 27. hxg5 hxg5 28.
Qg3 Ng6 29. Be3 Nce5 30. Nd2 Qa4 31. Bd3 Qd7 32. Be2 Nf7 33. Bf3 Ba6 34. Kc1 e5
35. Bg2 Nf4 36. Bf3 Ne2+ 37. Bxe2 Bxe2 38. Qg2 Bxg4 39. b3 Bh5 40. Kb2 Bg6 41.
a4 Nd6 42. Qe2 Qb7 43. Nc4 Nxc4+ 44. Qxc4 Bxe4 45. Qe6 Kg6 46. Qg8+ Kf5 47. Qh8
Qc7 48. c4 Bf3 49. Qh3+ Ke4 50. Bd2 g4 51. Qh6 Kf5 52. Qh5+ Ke6 53. Qe8+ Qe7 54.
Qc8+ Kf7 55. Qf5 Kg7 56. Qh5 Qf7 57. Qh6+ Kg8 58. Qe3 Qd7 59. Qh6 Qg7 60. Qh5
Bc6 61. Bh6 Qh7 62. Qxg4+ Kf7 63. Be3 Qd3 64. Qh5+ Ke7 65. Qh6 Ke6 66. Qh3+ Kf7
67. Qh5+ Ke7 68. Qh6 Kd7 69. Qg7+ Kc8 70. Qxf6 Be4 71. Qf2 Qb1+ 72. Kc3 Kb7 73.
Qd2 Qa1+ 74. Qb2 Qf1 75. Qc1 Qd3+ 76. Kb2 Kc6 77. c5 b5 78. axb5+ Kxb5 79. c6
Qe2+ 80. Ka1 Kb4 81. Bd2+ Kb5 82. Be3 Kb4 83. Bd2+ Kb5 84. Be3 1/2-1/2

[Event "40th Olympiad Open"]
[Site "Istanbul TUR"]
[Date "2012.08.29"]
[Round "2.58"]
[Board "3"]
[White "Brookfield, Toby"]
[Black "Berrios Echevarria, Gabriel"]
[Result "0-1"]
[WhiteTitle "CM"]
[BlackTitle "FM"]
[WhiteElo "1823"]
[BlackElo "2221"]
[WhiteTeam "Guernsey"]
[BlackTeam "Puerto Rico"]
[WhiteFideId "10700234"]
[BlackFideId "3100928"]
[EventDate "2012.08.28"]

1. e4 c5 2. Nf3 e6 3. d4 cxd4 4. Nxd4 a6 5. Bd3 Qc7 6. O-O Nf6 7. Qe2 d6 8. c4
g6 9. Nc3 Bg7 10. Rd1 O-O 11. Nf3 Nc6 12. h3 Nd7 13. Be3 Nde5 14. Rac1 Qe7 15.
Bb1 Bd7 16. Nxe5 dxe5 17. Qd2 Bc8 18. Bb6 Qh4 19. Bd3 Nd4 20. Qe1 Bd7 21. f3 Qh5
22. Ne2 Bc6 23. f4 Nxe2+ 24. Bxe2 Qh6 25. fxe5 Bxe5 26. Bf3 Bxb2 27. Rb1 Be5 28.
Be3 Qg7 29. Qh4 Bf6 30. Qf4 Rfc8 31. Qd6 Be5 32. Bd4 Bxd6 33. Bxg7 Kxg7 34. Rxd6
Kf6 35. Rbd1 Ke5 36. Kh2 Rc7 37. R1d4 Rac8 38. Kg3 h5 39. Kh4 Kf4 40. Rd3 g5+ 0-1

[Event "40th Olympiad Open"]
[Site "Istanbul TUR"]
[Date "2012.08.29"]
[Round "2.58"]
[Board "4"]
[White "Montanez Nazario, Roberto"]
[Black "Knight, Timothy"]
[Result "1-0"]
[WhiteElo "2144"]
[BlackElo "1801"]
[WhiteTeam "Puerto Rico"]
[BlackTeam "Guernsey"]
[WhiteFideId "3100316"]
[BlackFideId "10700064"]
[EventDate "2012.08.28"]

1. e4 c5 2. Nc3 Nc6 3. g3 e6 4. Bg2 Rb8 5. a4 Nf6 6. Nge2 a6 7. O-O b5 8. axb5
axb5 9. d4 cxd4 10. Nxd4 Nxd4 11. Qxd4 b4 12. Na4 Bb7 13. Rd1 Be7 14. Bg5 Bc6
15. Nc5 Qb6 16. Nb3 O-O 17. e5 Nd5 18. Bxe7 Nxe7 19. Qxb6 Rxb6 20. Ra7 Nc8 21.
Rc7 Bxg2 22. Kxg2 d6 23. exd6 Nxd6 24. Na5 g6 25. Nc6 Nf5 26. Rdd7 b3 27. c4 h5
28. c5 Rb5 29. Nd8 Nh6 30. Nxe6 1-0

[Event "40th Olympiad Open"]
[Site "Istanbul TUR"]
[Date "2012.08.29"]
[Round "2.59"]
[Board "1"]
[White "Wynn Zaw Htun"]
[Black "Lee, T H Bryan"]
[Result "1-0"]
[WhiteTitle "IM"]
[WhiteElo "2398"]
[BlackElo "2016"]
[WhiteTeam "Myanmar"]
[BlackTeam "Hong Kong"]
[WhiteFideId "13002783"]
[BlackFideId "6000584"]
[EventDate "2012.08.28"]

1. Nf3 Nf6 2. g3 g6 3. b4 Bg7 4. Bb2 d6 5. Bg2 e5 6. d3 O-O 7. O-O Re8 8. Nbd2
Nbd7 9. c4 c6 10. Qc2 Qe7 11. e4 c5 12. bxc5 Nxc5 13. Nb1 Bg4 14. Nc3 Qd7 15.
Bc1 Rac8 16. Be3 b6 17. a4 Bxf3 18. Bxf3 Ng4 19. Bxc5 Rxc5 20. Bxg4 Qxg4 21. Kg2
Qd7 22. Rfb1 f5 23. f3 f4 24. a5 bxa5 25. Ra2 fxg3 26. hxg3 Bf6 27. Nd5 Bd8 28.
Rab2 Qe6 29. Rb7 a6 30. Ra7 Rf8 31. Rbb7 Bf6 32. Qc1 Rxd5 33. cxd5 Qc8 34. Rc7
Qb8 35. Rab7 Qe8 36. Qh6 1-0

[Event "40th Olympiad Open"]
[Site "Istanbul TUR"]
[Date "2012.08.29"]
[Round "2.59"]
[Board "2"]
[White "Qian, Kun Arthas"]
[Black "Win, Tun"]
[Result "0-1"]
[WhiteElo "1983"]
[BlackElo "2174"]
[WhiteTeam "Hong Kong"]
[BlackTeam "Myanmar"]
[WhiteFideId "6001556"]
[BlackFideId "13003100"]
[EventDate "2012.08.28"]

1. d4 Nf6 2. Nc3 d5 3. Bg5 e6 4. e4 dxe4 5. Nxe4 Be7 6. Bxf6 Bxf6 7. Nf3 O-O 8.
c3 Nd7 9. Bd3 e5 10. O-O exd4 11. cxd4 Nb6 12. Nxf6+ Qxf6 13. Qc2 c6 14. Bxh7+
Kh8 15. Be4 Be6 16. Rad1 Rfd8 17. Ne5 Rd6 18. Rd3 Rad8 19. Qd1 g6 20. f4 Bc4 21.
Rh3+ Kg7 22. Re1 Rxd4 23. Qc1 Be2 24. Bc2 Rd2 25. Bb3 Qxf4 26. Nxf7 Bc4 27. Rf3
Rxg2+ 28. Kxg2 Rd2+ 29. Qxd2 Qxd2+ 30. Kh3 0-1

[Event "40th Olympiad Open"]
[Site "Istanbul TUR"]
[Date "2012.08.29"]
[Round "2.59"]
[Board "3"]
[White "Myo Naing"]
[Black "Scott, Ian"]
[Result "1-0"]
[WhiteTitle "IM"]
[WhiteElo "2312"]
[BlackElo "1725"]
[WhiteTeam "Myanmar"]
[BlackTeam "Hong Kong"]
[WhiteFideId "13000071"]
[BlackFideId "6000878"]
[EventDate "2012.08.28"]

1. e4 e5 2. Nf3 Nc6 3. Bb5 f5 4. d3 fxe4 5. dxe4 Nf6 6. O-O Bc5 7. Qd3 d6 8. c3
Bd7 9. b4 Bb6 10. a4 a6 11. Bc4 Ba7 12. Ng5 Qe7 13. Bf7+ Kd8 14. Ba2 Rf8 15. Nf3
Be6 16. Na3 Bxa2 17. Rxa2 Qe6 18. Re2 h6 19. Nc4 Ke7 20. Rd1 Nd8 21. b5 axb5 22.
axb5 Bc5 23. Be3 Nd7 24. Nh4 Rf6 25. Nf5+ Kf8 26. b6 Nf7 27. bxc7 Bxe3 28. Ncxe3
g6 29. Ng3 Nc5 30. Qb5 Ng5 31. Nd5 Rf7 32. Nb6 Re8 33. Qxe8+ Qxe8 34. c8=Q Qxc8
35. Nxc8 Rc7 36. Nb6 Nf7 37. Ra2 Ne6 38. Nd5 Rc4 39. f3 Nf4 40. Nxf4 exf4 41.
Ne2 Ke7 42. Nxf4 1-0

[Event "40th Olympiad Open"]
[Site "Istanbul TUR"]
[Date "2012.08.29"]
[Round "2.59"]
[Board "4"]
[White "Chan, Chak Man"]
[Black "Aung, Kyaw Moe"]
[Result "1/2-1/2"]
[WhiteElo "1818"]
[BlackElo "2149"]
[WhiteTeam "Hong Kong"]
[BlackTeam "Myanmar"]
[WhiteFideId "6001300"]
[BlackFideId "6200281"]
[EventDate "2012.08.28"]

1. d4 Nf6 2. Nf3 d5 3. g3 e6 4. Bg2 c5 5. c3 Nc6 6. Nbd2 Be7 7. O-O O-O 8. Nb3
c4 9. Nbd2 b5 10. Qc2 Bb7 11. e4 dxe4 12. Nxe4 Nxe4 13. Qxe4 Na5 14. Qe2 Rc8 15.
Bf4 Bd5 16. Rfe1 Bf6 17. Nd2 Nc6 18. Ne4 Be7 19. h4 a5 20. Ng5 Bxg2 21. Kxg2
Bxg5 22. Bxg5 Qd5+ 23. Qe4 Qxe4+ 24. Rxe4 h6 25. Bf4 Rfd8 26. Rae1 Ne7 27. g4
Nd5 28. Bd2 b4 29. g5 hxg5 30. hxg5 g6 31. Rh1 a4 32. cxb4 a3 33. bxa3 c3 34.
Bc1 Kf8 35. Kf1 Ke7 36. Ke2 Kd7 37. Rh7 Rh8 38. Reh4 Rhf8 39. Rh3 Kd6 40. Rf3 e5
41. dxe5+ Kxe5 42. Rfxf7 Rfd8 43. Rd7 Rf8 44. Rdf7 Rfd8 45. Rd7 Rf8 46. Rhf7 Rh8
47. Rf3 Rh1 48. Rd3 Nf4+ 49. Bxf4+ Kxf4 50. R3d4+ Kxg5 51. R7d5+ Kf6 52. Rd1 Rh3
53. R5d3 Rh4 54. Rc1 Rhc4 55. Rc2 Kf5 56. Rd7 Ke6 57. Rd3 Kf5 58. Rd7 Ke6 59.
Rd3 Kf5 60. Re3 Kf4 61. Re7 Kf5 62. Kd3 g5 63. Rd7 Ke5 64. Re2+ Kf6 65. Kc2 g4
66. Rd3 Kf5 67. Ree3 Rf4 68. Re2 Rfc4 69. Rd7 Kf4 70. Rf7+ Kg5 71. f3 Kg6 72.
Rfe7 gxf3 73. Rf2 Ra8 74. Rxf3 Rxa3 75. Ree3 Rxb4 1/2-1/2

[Event "40th Olympiad Open"]
[Site "Istanbul TUR"]
[Date "2012.08.29"]
[Round "2.60"]
[Board "3"]
[White "Boydia, Sidi"]
[Black "Waqar, Ahmad Madni"]
[Result "1-0"]
[WhiteElo "2024"]
[BlackElo "2062"]
[WhiteTeam "Mauritania"]
[BlackTeam "Pakistan"]
[WhiteFideId "19600100"]
[BlackFideId "7800371"]
[EventDate "2012.08.28"]

1. e4 c5 2. Nf3 d6 3. g3 Nf6 4. d3 Nc6 5. Bg2 e6 6. O-O Be7 7. c3 O-O 8. Re1 Qc7
9. d4 e5 10. d5 Nb8 11. Nh4 g6 12. c4 Nh5 13. Nf5 Bxf5 14. exf5 Ng7 15. f4 exf4
16. fxg6 hxg6 17. Bxf4 Nh5 18. Bh6 Ng7 19. Nc3 a6 20. Qg4 Qd8 21. Bh3 b6 22. Re2
Ra7 23. Rae1 Re8 24. Ne4 Rf8 25. Ng5 Bf6 26. Qh4 Bxg5 27. Bxg5 f6 28. Bh6 Raf7
29. Be6 Nd7 30. Bxf7+ Rxf7 31. Bxg7 Kxg7 32. Re8 1-0

[Event "40th Olympiad Open"]
[Site "Istanbul TUR"]
[Date "2012.08.29"]
[Round "2.60"]
[Board "4"]
[White "Ahmed, Haseeb"]
[Black "Yahi, Mohamed Salem"]
[Result "1-0"]
[WhiteElo "2296"]
[BlackElo "1895"]
[WhiteTeam "Pakistan"]
[BlackTeam "Mauritania"]
[WhiteFideId "7800096"]
[BlackFideId "19600160"]
[EventDate "2012.08.28"]

1. d4 d6 2. c4 Nf6 3. Nc3 g6 4. Nf3 Bg7 5. g3 O-O 6. Bg2 Nc6 7. d5 Ne5 8. Nxe5
dxe5 9. O-O e6 10. Qc2 exd5 11. cxd5 Qe7 12. Nb5 Nxd5 13. Bxd5 c6 14. Bxc6 bxc6
15. Qxc6 Bb7 16. Qc7 Qxc7 17. Nxc7 Rac8 18. Nb5 Rc2 19. Re1 Ba6 20. Nc3 f5 21.
Rb1 f4 22. g4 Bb7 23. Rd1 e4 24. Rd2 Rxd2 25. Bxd2 Be5 26. Rd1 g5 27. Be1 Bc6
28. Nd5 Bb5 29. Ne7+ Kf7 30. Rd5 Bf6 31. Rxb5 Bxe7 32. Rb7 a6 33. Bb4 Re8 34.
Kf1 Kf8 35. Rxe7 Rxe7 36. Ke1 Kf7 37. Bxe7 Kxe7 38. Kd2 Ke6 39. Kc3 Kd5 40. b4
Ke5 41. Kc4 h6 42. a3 e3 43. f3 Kd6 44. h3 Kc6 45. a4 Kb6 46. Kd5 Kc7 47. Kc5
Kb7 48. b5 axb5 49. axb5 Kc7 50. b6+ Kb7 51. Kb5 Kb8 52. Kc6 Kc8 53. b7+ Kb8 54.
Kb6 h5 55. gxh5 g4 56. h6 1-0

[Event "40th Olympiad Open"]
[Site "Istanbul TUR"]
[Date "2012.08.29"]
[Round "2.61"]
[Board "1"]
[White "Sanon, Mondoly"]
[Black "Al-Tarbosh, Ward"]
[Result "1-0"]
[BlackTitle "FM"]
[WhiteElo "2088"]
[BlackElo "2271"]
[WhiteTeam "Haiti"]
[BlackTeam "Syria"]
[WhiteFideId "11900059"]
[BlackFideId "7601450"]
[EventDate "2012.08.28"]

1. e4 e6 2. d4 d5 3. exd5 exd5 4. Nf3 Bg4 5. Be3 Bd6 6. c3 Ne7 7. Bd3 Nbc6 8.
Nbd2 f6 9. Qc2 Qd7 10. h3 Bh5 11. Nh4 g5 12. Nf5 Bg6 13. Nxd6+ Qxd6 14. h4 g4
15. O-O-O O-O-O 16. g3 Bxd3 17. Qxd3 h5 18. Nb3 b6 19. Bf4 Qd7 20. Rhe1 Nb8 21.
Re2 Rhg8 22. Rde1 Qf5 23. Rxe7 1-0

[Event "40th Olympiad Open"]
[Site "Istanbul TUR"]
[Date "2012.08.29"]
[Round "2.61"]
[Board "2"]
[White "Iyti, Basher"]
[Black "Lebrun, Piersont"]
[Result "1-0"]
[WhiteTitle "IM"]
[BlackTitle "CM"]
[WhiteElo "2264"]
[BlackElo "1973"]
[WhiteTeam "Syria"]
[BlackTeam "Haiti"]
[WhiteFideId "7601875"]
[BlackFideId "11900083"]
[EventDate "2012.08.28"]

1. d4 Nf6 2. Nf3 d5 3. Bf4 e6 4. e3 c5 5. c3 Nc6 6. Nbd2 Bd6 7. Bg3 O-O 8. Bd3
Re8 9. Ne5 Bxe5 10. dxe5 Nd7 11. f4 c4 12. Bc2 Qb6 13. O-O Qxe3+ 14. Kh1 f5 15.
Nf3 Qb6 16. Ng5 Nf8 17. Qh5 g6 18. Qh6 Qc7 19. Bf2 Qg7 20. Qh3 b6 21. Rad1 Bb7
22. Bh4 h6 23. Nf3 Nh7 24. g4 Ne7 25. Bxe7 fxg4 26. Qxg4 Rxe7 27. Nd4 Kf7 28.
Rg1 Rg8 29. f5 exf5 30. Bxf5 Ng5 31. e6+ Ke8 32. Qf4 Rc7 33. Bc2 a6 34. Qd6 Ne4
35. Bxe4 Qe7 36. Nc6 Qg7 1-0

[Event "40th Olympiad Open"]
[Site "Istanbul TUR"]
[Date "2012.08.29"]
[Round "2.61"]
[Board "3"]
[White "Luxama, Jacques"]
[Black "Hammoudi, Ali"]
[Result "0-1"]
[WhiteElo "1964"]
[BlackElo "2155"]
[WhiteTeam "Haiti"]
[BlackTeam "Syria"]
[WhiteFideId "11900113"]
[BlackFideId "7600321"]
[EventDate "2012.08.28"]

1. e4 e5 2. Nf3 Nc6 3. Bc4 Nf6 4. Nc3 Nxe4 5. Nxe4 d5 6. Bxd5 Qxd5 7. Nc3 Qa5 8.
h3 Bb4 9. a3 Bf5 10. O-O O-O-O 11. Rb1 Bxc3 12. bxc3 e4 13. Ng5 Rd7 14. Qe2 Bg6
15. h4 a6 16. Qc4 Re8 17. Re1 f6 18. Nxe4 f5 19. Qb3 Nd8 20. h5 Bxh5 21. d3 fxe4
22. dxe4 Bf7 23. Qb2 Re6 24. Bf4 Rb6 25. Qa1 Rxb1 26. Rxb1 Qa4 27. f3 Qxc2 28.
c4 Ne6 29. Be3 Qe2 30. Re1 Qxc4 31. Qb2 Qb5 32. Qc3 Rd3 33. Qa1 Qb3 34. Bf2 Qxa3
35. Qe5 Qd6 36. Qf5 Bg6 37. Qh3 Kb8 38. Bg3 Qb6+ 39. Kh2 Rd2 40. f4 Nd4 41. Qg4
h5 42. Qg5 Nf3+ 0-1

[Event "40th Olympiad Open"]
[Site "Istanbul TUR"]
[Date "2012.08.29"]
[Round "2.61"]
[Board "4"]
[White "Azam, Zeno"]
[Black "Bazil, Joslin"]
[Result "1/2-1/2"]
[WhiteElo "2187"]
[BlackElo "1812"]
[WhiteTeam "Syria"]
[BlackTeam "Haiti"]
[WhiteFideId "7600976"]
[BlackFideId "11900032"]
[EventDate "2012.08.28"]

1. e4 e6 2. d4 d5 3. Nc3 Nf6 4. Bg5 Be7 5. e5 Nfd7 6. h4 a6 7. Bxe7 Qxe7 8. Qg4
f5 9. Qh5+ Qf7 10. Qe2 Nb6 11. Nh3 Nc6 12. O-O-O Bd7 13. Nf4 O-O-O 14. Rh3 g6
15. Qe1 h6 16. Nce2 g5 17. Nd3 Qe7 18. Kb1 Rdf8 19. Nc5 Kb8 20. Rb3 Bc8 21. Nc3
Ka7 22. N3a4 Nxa4 23. Nxa4 b6 24. Ra3 Bb7 25. Rdd3 Ra8 26. Rd1 g4 27. g3 f4 28.
gxf4 Rhf8 29. Qc3 Kb8 30. Qg3 h5 31. Nc3 Qf7 32. Ne2 Ne7 33. f3 Nf5 34. Qh2 Rg8
35. fxg4 hxg4 36. Ng3 Ka7 37. Nxf5 exf5 38. Qg3 Rh8 39. Bd3 Rh5 40. Rh1 Rah8 41.
b4 Qe7 42. Rb3 Bc8 43. Qg2 Be6 44. Qe2 Bc8 45. Qg2 c6 46. Bf1 b5 47. a3 Rxh4 48.
Rxh4 Rxh4 49. Rg3 Qh7 50. Qe2 Be6 51. Kb2 Kb7 52. Qe3 Rh2 53. Bg2 1/2-1/2

[Event "40th Olympiad Open"]
[Site "Istanbul TUR"]
[Date "2012.08.29"]
[Round "2.62"]
[Board "1"]
[White "Bacchas, Clevert"]
[Black "Pace, Colin"]
[Result "0-1"]
[BlackTitle "CM"]
[WhiteElo "1944"]
[BlackElo "2136"]
[WhiteTeam "Bermuda"]
[BlackTeam "Malta"]
[WhiteFideId "8800758"]
[BlackFideId "5600189"]
[EventDate "2012.08.28"]

1. d4 f5 2. c4 Nf6 3. Nf3 g6 4. g3 Bg7 5. Bg2 d6 6. O-O O-O 7. Nc3 Qe8 8. Qc2
Na6 9. Re1 c6 10. a3 e5 11. dxe5 dxe5 12. e4 f4 13. gxf4 Nh5 14. fxe5 Bg4 15.
Qe2 Nc5 16. h3 Bxf3 17. Bxf3 Nb3 18. Rb1 Nd4 19. Bxh5 Nxe2+ 20. Bxe2 Bxe5 21. c5
Qe6 22. Bg4 Qf6 23. Be3 h5 24. Be2 Bf4 25. Bc4+ Kh7 26. Bxf4 Qxf4 27. Re2 Qg5+
28. Kf1 Rf3 29. Rd1 Rxh3 30. Rd7+ Kh6 31. Red2 Qg4 0-1

[Event "40th Olympiad Open"]
[Site "Istanbul TUR"]
[Date "2012.08.29"]
[Round "2.62"]
[Board "2"]
[White "Gauci, Joseph"]
[Black "Dill, James"]
[Result "1-0"]
[WhiteTitle "CM"]
[WhiteElo "2133"]
[BlackElo "1923"]
[WhiteTeam "Malta"]
[BlackTeam "Bermuda"]
[WhiteFideId "5600278"]
[BlackFideId "8800049"]
[EventDate "2012.08.28"]

1. d4 Nf6 2. Nf3 e6 3. g3 d6 4. Bg2 Nc6 5. c4 d5 6. O-O Be7 7. Nc3 O-O 8. b3 a6
9. Bb2 h6 10. Re1 Bb4 11. a3 Bxc3 12. Bxc3 Ne4 13. Bb2 Ne7 14. Rc1 c6 15. Ne5
Nf6 16. f3 Nd7 17. Ng4 Ng6 18. f4 f5 19. Ne5 Kh7 20. a4 Qe8 21. Ba3 Rg8 22. e3
Nf6 23. Bf3 Nxe5 24. dxe5 Ne4 25. Re2 g5 26. Rg2 gxf4 27. Bxe4 fxe4 28. exf4 Qg6
29. Qd4 Qg7 30. Qb6 Bd7 31. Bb2 Be8 32. cxd5 exd5 33. f5 Rc8 34. e6 Qc7 35. Qd4
Qd6 36. Qf6 Bh5 37. g4 Bxg4 38. Qf7+ 1-0

[Event "40th Olympiad Open"]
[Site "Istanbul TUR"]
[Date "2012.08.29"]
[Round "2.62"]
[Board "3"]
[White "Cooper, Gary"]
[Black "Zerafa, Robert"]
[Result "0-1"]
[WhiteElo "1893"]
[BlackElo "2068"]
[WhiteTeam "Bermuda"]
[BlackTeam "Malta"]
[WhiteFideId "8800022"]
[BlackFideId "5600618"]
[EventDate "2012.08.28"]

1. e4 c5 2. Nf3 e6 3. d4 cxd4 4. Nxd4 Nf6 5. Bg5 Qa5+ 6. Qd2 Bb4 7. c3 Nxe4 8.
cxb4 Qxg5 9. Qxg5 Nxg5 10. Nc3 f6 11. Ndb5 Na6 12. Nd6+ Ke7 13. Bxa6 Kxd6 14.
Be2 Ke7 15. O-O-O Rd8 16. f4 Nf7 17. Bf3 Rb8 18. Rhe1 b6 19. Bh5 Bb7 20. Bxf7
Kxf7 21. g3 d5 22. Rd4 Rbc8 23. Kd2 Rc4 24. Kd3 Ba6 25. b5 Rxd4+ 26. Kxd4 Bc8
27. a4 Ke7 28. Na2 Bd7 29. Nb4 Kd6 30. Re3 Rc8 31. Rc3 e5+ 32. fxe5+ fxe5+ 33.
Kd3 d4 34. Rxc8 Bxc8 35. Nc6 a6 36. Na7 Bb7 37. b4 Kd5 38. Nc6 Bxc6 39. bxc6
Kxc6 40. Ke4 a5 41. bxa5 bxa5 42. g4 Kc5 0-1

[Event "40th Olympiad Open"]
[Site "Istanbul TUR"]
[Date "2012.08.29"]
[Round "2.62"]
[Board "4"]
[White "Psaila, Clarence"]
[Black "Radford, Michael"]
[Result "0-1"]
[WhiteElo "2026"]
[BlackElo "1848"]
[WhiteTeam "Malta"]
[BlackTeam "Bermuda"]
[WhiteFideId "5600359"]
[BlackFideId "8800421"]
[EventDate "2012.08.28"]

1. e4 e6 2. d4 d5 3. e5 c5 4. c3 Nc6 5. Nf3 Qb6 6. Be2 Be7 7. O-O Bd7 8. dxc5
Bxc5 9. Nbd2 Qc7 10. Nb3 Bb6 11. Bf4 Nge7 12. Bd3 Ng6 13. Bg3 a6 14. Re1 h5 15.
h4 Nce7 16. Rc1 Bb5 17. Bb1 Ba4 18. Qd2 Bxb3 19. axb3 Nc6 20. Bxg6 fxg6 21. Qd3
Ne7 22. c4 Qd7 23. Red1 Rd8 24. cxd5 Qxd5 25. Qc2 Qc6 26. Rxd8+ Bxd8 27. Ng5
Qxc2 28. Rxc2 Kd7 29. Ne4 Bb6 30. Nd6 Nf5 31. Kh2 Nxd6 32. exd6 Rc8 33. Rd2 Bd8
34. Be5 Bxh4 35. Bxg7 Rc5 36. g3 Bd8 37. Bf8 Rd5 38. Rc2 Rf5 39. Be7 Bxe7 40.
Rc7+ Kxd6 41. Rxb7 Rb5 42. Ra7 Rb6 43. Kg2 Bf6 44. Ra8 Bxb2 45. Rg8 Rxb3 46.
Rxg6 Rb5 47. Rg8 a5 48. Ra8 Bc3 49. Kf3 Rf5+ 50. Ke2 Re5+ 51. Kd3 Be1 52. Ra6+
Kc7 53. Kd4 Kb7 54. Rd6 Rd5+ 0-1

[Event "40th Olympiad Open"]
[Site "Istanbul TUR"]
[Date "2012.08.29"]
[Round "2.63"]
[Board "1"]
[White "Edirisinghe, Dulan"]
[Black "Lee, Sanghoon"]
[Result "0-1"]
[BlackTitle "CM"]
[WhiteElo "2046"]
[BlackElo "2126"]
[WhiteTeam "Sri Lanka"]
[BlackTeam "South Korea"]
[WhiteFideId "9900446"]
[BlackFideId "13200011"]
[EventDate "2012.08.28"]

1. d4 Nf6 2. c4 g6 3. Nc3 d5 4. Bg5 Ne4 5. Bh4 Nxc3 6. bxc3 dxc4 7. e3 Be6 8.
Nf3 Bg7 9. Qb1 Qd5 10. Be2 Bf5 11. Qb4 c5 12. Qb5+ Bd7 13. Qxc4 Qxc4 14. Bxc4
Nc6 15. Rb1 b6 16. O-O Na5 17. Bb5 Bxb5 18. Rxb5 cxd4 19. cxd4 Rc8 20. Rfb1 f6
21. Nd2 Kf7 22. Kf1 Rc2 23. R5b2 Rhc8 24. Ke1 h5 25. Bg3 g5 26. f3 h4 27. Bf2 e6
28. Nb3 Nxb3 29. axb3 a5 30. Kd1 R2c3 31. Re2 Bf8 32. Ra2 Bb4 33. Rbb2 Rd3+ 34.
Ke2 Rcc3 35. Rc2 Rxc2+ 36. Rxc2 Rxb3 37. e4 Bc3 38. Be3 b5 39. Bd2 Bxd2 40. Kxd2
a4 41. Rc7+ Ke8 42. Rb7 a3 43. Kc2 Rb2+ 44. Kc1 Rxg2 0-1